Alpens : una història del Lluçanès: pagesos, paraires i carlins / Josep Albert Planes una història del Lluçanès:
ISBN:
606-2879-5
Descripción Física:
217 p., fot. ; 24 cm
Materias:
Alpens -- Història local
MARC
| LEADER | 00000nam a2200000Ia 4500 | ||
|---|---|---|---|
| 001 | 17044 | ||
| 008 | 160829s9999 xx 000 0 cat d | ||
| 020 | |a 606-2879-5 | ||
| 080 | |a M-5-112 | ||
| 100 | |a Planes i Ball, Josep Albert |9 23487 | ||
| 245 | |a Alpens : |b una història del Lluçanès: |b pagesos, paraires i carlins / Josep Albert Planes | ||
| 260 | |a Alpens : |b Ajuntament, DL 1999 | ||
| 300 | |a 217 p., fot. ; |c 24 cm | ||
| 590 | |a Amb el suport de Diputació de Barcelona ... | ||
| 590 | |a Bibliografia | ||
| 650 | |a Alpens |x Història local |9 23488 | ||
| 710 | 1 | |a Barcelona (Catalunya : Província). |b Diputació |9 52408 | |
| 901 | |a Arxiu | ||
| 942 | |n 1 | ||
| 952 | |0 0 |1 0 |4 0 |6 M5112 |7 1 |9 42728 |a Arxiu |b Arxiu |d 2016-12-01 |l 0 |o M-5-112 |p 17044 |r 2016-12-01 00:00:00 |w 2016-12-01 |y ARXIU | ||
| 999 | |c 45234 |d 45234 | ||